000 00368pab a2200145 454500
008 180718b1998 xxu||||| |||| 00| 0 eng d
100 _aDubey, Akhilesh Kumar
245 _aDrip irrigation system in fruit crop under wasteland conditions
260 _c1998
300 _ap.8-10
362 _aJan-Mar
650 _aIrrigation
773 _aBhagirath
909 _a38634
999 _c38634
_d38634